| 000 | 00000nam##2200000za#4500 |
| 001 | 9.639979 |
| 003 | CaOODSP |
| 005 | 20210624222437 |
| 007 | cr ||||||||||| |
| 008 | 150407|2000||||xxc|||||o f|0| 0 fre|d |
| 040 | |aCaOODSP|bfre |
| 043 | |an-cn--- |
| 086 | 1 |aH39-532/2000F-PDF |
| 110 | 1 |aCanada.|bSanté Canada. |bDivision de l'enfance et de la jeunesse. |
| 245 | 10|aLes enfants, source de santé et d'unité pour la collectivité : |h[ressource électronique]|bvue d'ensemble du Programme d'aide préscolaire aux Autochtones dans les collectivités urbaines et nordiques |
| 246 | 1 |aProgramme d'aide préscolaire aux Autochtones |
| 260 | |aOttawa - Ontario : |bSanté Canada. |cc2000. |
| 300 | |a36p.|bgraphiques, photographies |
| 500 | |a«Programme d'aide préscolaire aux Autochtones»--p.1 de 36. Le nº de catalogue (H39-532/2000F) et l'ISBN (0-662-84658-3)de l'édition imprimée ont été incorrectement copiés dans cette édition électronique. |
| 590 | |a12-08-Supp|b2012-03-16 |
| 691 | 07|aÉducation préscolaire|2gcpds |
| 691 | 07|aJeune autochtone|2gcpds |
| 775 | 08|tChildren making a community whole : |w(CaOODSP)9.695859 |
| 856 | 40|ahttp://publications.gc.ca|qPDF|s1.03 Mo|uhttps://publications.gc.ca/collections/Collection/H39-532-2000F.pdf |